000 00450nam a22001697a 4500
003 OSt
005 20260409094820.0
008 260409b |||||||| |||| 00| 0 eng d
040 _cLC
100 _aRobert MacSwain and Jennifer Hughes
245 _aEditor’s Notes
260 _aU.S.A,
_bSage publishers;
_c2025
300 _aVol.107.No.4(pp.317-319)
310 _aFour times yearly
440 _aAnglican Theological Review
942 _2lcc
_cART
999 _c205656
_d205616